| 000 | 00431nam a22001457a 4500 | ||
|---|---|---|---|
| 082 |
_a355.009242 _bSHA |
||
| 100 |
_aShand, Alexander Innes _949270 |
||
| 245 |
_aThe life of General Sir Edwar Bruce Hamley _cShand, Alexander Innes |
||
| 250 | _avolume2 | ||
| 260 |
_aLondon _bWilliam blackwood and sons |
||
| 300 |
_a328p.: _bill,; _c20 cm. |
||
| 526 |
_a0 _b0 _c0 _d355_009242000000000_SHA |
||
| 650 |
_aMCE _9379 |
||
| 942 |
_2ddc _cBK |
||
| 999 |
_c552066 _d552066 |
||